[Event "USCL Miami vs Chicago"]
[Site "Internet Chess Club"]
[Date "2010.11.03"]
[Round "11"]
[White "Martinez, Marcel"]
[Black "Felecan, Florin"]
[Result "1/2-1/2"]
[WhiteElo "2475"]
[BlackElo "2415"]
[PlyCount "65"]
[EventDate "2010.??.??"]

1. e4 c5 2. Nf3 d6 3. d4 cxd4 4. Nxd4 Nf6 5. Nc3 a6 6. Bg5 e6 7. f4 Qb6 8. Qd2
Nc6 9. Nb3 Ng4 10. Bd3 h6 11. Bh4 g5 12. fxg5 Be7 13. O-O-O Qe3 14. Be2 Qxd2+
15. Rxd2 hxg5 16. Bg3 Nge5 17. Na4 b5 18. Nb6 Rb8 19. Nxc8 Rxc8 20. Nd4 Na5 21.
b3 Nb7 22. Re1 g4 23. Kb1 Bg5 24. Rdd1 Ke7 25. a4 Nc5 26. Bf1 b4 27. Re2 f6 28.
h3 gxh3 29. gxh3 Bh4 30. Bf4 Bg5 31. Bg3 Bh4 32. Bf4 Bg5 33. Bg3 1/2-1/2

[Event "USCL Miami vs Chicago"]
[Site "Internet Chess Club"]
[Date "2010.11.03"]
[Round "11"]
[White "Amanov, Mesgen"]
[Black "Gonzalez, Renier"]
[Result "0-1"]
[WhiteElo "2508"]
[BlackElo "2540"]
[PlyCount "106"]
[EventDate "2010.??.??"]

1. d4 g6 2. c4 Bg7 3. g3 d6 4. Bg2 e5 5. Nf3 exd4 6. Nxd4 Ne7 7. Nc3 O-O 8. O-O
Nbc6 9. Nxc6 bxc6 10. Qc2 Bf5 11. e4 Be6 12. b3 Qd7 13. Bb2 Bh3 14. Bxh3 Qxh3
15. Ne2 c5 16. Bxg7 Kxg7 17. Nf4 Qd7 18. Qc3+ f6 19. Rad1 Nc6 20. Nd5 Rae8 21.
f3 Qf7 22. g4 Kg8 23. h4 Re5 24. Rfe1 g5 25. h5 Nd4 26. Kg2 c6 27. Ne3 Qc7 28.
Rxd4 cxd4 29. Qxd4 Rd8 30. Rd1 Qb6 31. Qd2 a5 32. Qc3 Qb4 33. Qd3 Qc5 34. Nf5
Rd7 35. Ne3 Rd8 36. Nc2 Ree8 37. Rd2 d5 38. exd5 cxd5 39. Qf5 Rd6 40. Qd3 Red8
41. Qf5 Re8 42. Nd4 Re5 43. Qd3 dxc4 44. bxc4 a4 45. Qc3 Red5 46. Qe3 Re5 47.
Qc3 Red5 48. Qe3 Re5 49. Qf2 Qxc4 50. Kh3 Red5 51. Qe3 Rxd4 52. h6 Kf7 53. Re2
Re6 0-1

[Event "USCL Arizona vs Seattle"]
[Site "Internet Chess Club"]
[Date "2010.11.03"]
[Round "11"]
[White "Wang, Michael"]
[Black "Thompson, Nick"]
[Result "0-1"]
[WhiteElo "2103"]
[BlackElo "2183"]
[PlyCount "110"]
[EventDate "2010.??.??"]

1. c4 e5 2. g3 Nf6 3. Bg2 d5 4. cxd5 Nxd5 5. Nf3 Nc6 6. O-O Be7 7. d4 e4 8. Ne5
f5 9. Nxc6 bxc6 10. Nc3 O-O 11. f3 exf3 12. Bxf3 Be6 13. Nxd5 cxd5 14. Be3 Bd6
15. Qc1 Rb8 16. a3 Rb3 17. Bd2 Qf6 18. e3 Rfb8 19. Bc3 Qg6 20. Rf2 h5 21. Rg2
Qh7 22. Bd1 R3b7 23. b4 h4 24. Be1 h3 25. Rc2 Qh6 26. Bf3 Qf6 27. Qd2 a5 28.
bxa5 c5 29. Rd1 c4 30. Ra2 Qd8 31. a6 Ra7 32. Qc2 Rxa6 33. Rda1 Rb3 34. Bd2
Rbxa3 35. Rxa3 Rxa3 36. Rxa3 Bxa3 37. Qa4 Bf8 38. Qc6 Qd6 39. Qxd6 Bxd6 40. Bd1
Kf7 41. Kf2 Ke7 42. Be2 g5 43. e4 fxe4 44. Bxg5+ Kd7 45. Bd2 Kc6 46. Ke3 Bxg3
47. Bb4 Bxh2 48. Kf2 Bf4 49. Kg1 Be3+ 50. Kh2 Bxd4 51. Kg3 Be5+ 52. Kf2 h2 53.
Kg2 d4 54. Kh1 d3 55. Bd1 Bd5 0-1

[Event "USCL Arizona vs Seattle"]
[Site "Internet Chess Club"]
[Date "2010.11.03"]
[Round "11"]
[White "Cozianu, Costin"]
[Black "Barcenilla, Rogelio"]
[Result "1-0"]
[WhiteElo "2557"]
[BlackElo "2583"]
[PlyCount "163"]
[EventDate "2010.??.??"]

1. d4 Nf6 2. Nf3 g6 3. c4 Bg7 4. g3 d6 5. Bg2 O-O 6. O-O Nc6 7. d5 Na5 8. Nfd2
c5 9. Nc3 a6 10. Rb1 Bd7 11. Qc2 Qc7 12. b3 b5 13. Bb2 Rab8 14. Nd1 bxc4 15.
bxc4 Rb4 16. Bc3 Rxb1 17. Qxb1 Ng4 18. Qa1 Bxc3 19. Qxc3 Rb8 20. h3 Nf6 21. Ne3
Rb4 22. a3 Rb8 23. g4 h6 24. f4 Nh7 25. Be4 Ba4 26. Bc2 Bxc2 27. Qxc2 Rb7 28.
Rb1 Rxb1+ 29. Qxb1 Qb7 30. Qc2 Qb6 31. Kf2 Nb7 32. Ne4 Na5 33. Nd2 Nb7 34. Ke1
Nf8 35. Kd1 Na5 36. Qc3 Nd7 37. Kc2 Nb7 38. Nd1 Qa5 39. Qb3 Nd8 40. h4 Nb6 41.
Nc3 Kh7 42. Kb2 Kg8 43. Ka2 Nd7 44. g5 h5 45. Qc2 Nf8 46. Nf3 Nd7 47. Nd1 Nb6
48. Nb2 Nd7 49. e4 Nf8 50. Qd3 Qc7 51. f5 Kh7 52. Nd1 Nd7 53. Qc3 Nb7 54. Nf2
Qa5 55. Qb3 Nd8 56. Nd3 Kg8 57. Qc2 Nf8 58. Nf4 Kg7 59. fxg6 fxg6 60. Qb2+ Kg8
61. e5 dxe5 62. Nxe5 Nf7 63. Nexg6 Nxg6 64. Nxg6 Qe1 65. Qb8+ Kg7 66. Qf8+ Kxg6
67. Qg8+ Kf5 68. Qxf7+ Kg4 69. Qe6+ Qxe6 70. dxe6 Kf5 71. Kb3 Kxe6 72. Kc3 Kf5
73. Kd3 a5 74. a4 e6 75. Ke3 Ke5 76. g6 Kf6 77. Kf4 Kxg6 78. Ke5 Kf7 79. Kd6
Kf6 80. Kxc5 Ke7 81. Kc6 Kf6 82. c5 1-0

[Event "USCL Arizona vs Seattle"]
[Site "Internet Chess Club"]
[Date "2010.11.03"]
[Round "11"]
[White "Adamson, Robby"]
[Black "Mikhailuk, Slava"]
[Result "1/2-1/2"]
[WhiteElo "2363"]
[BlackElo "2431"]
[PlyCount "217"]
[EventDate "2010.??.??"]

1. e4 c5 2. Nf3 d6 3. Nc3 Nf6 4. d4 cxd4 5. Qxd4 Nc6 6. Bb5 Bd7 7. Bxc6 Bxc6 8.
Bg5 Qa5 9. O-O-O e6 10. Rhe1 Be7 11. Kb1 O-O-O 12. Qd2 Kb8 13. Nd4 Bd7 14. Bf4
Qb6 15. Nb3 Bc6 16. Be3 Qa6 17. f3 d5 18. e5 Nd7 19. Bg5 Rhe8 20. Bxe7 Rxe7 21.
Nd4 h6 22. Qf4 Nb6 23. Qg3 g5 24. h4 Nc4 25. hxg5 Rg8 26. f4 Rc7 27. Nce2 hxg5
28. f5 Qb6 29. b3 exf5 30. Nxf5 Bd7 31. Nfd4 Be6 32. Ka1 Na3 33. Qd3 Rgc8 34.
Rc1 Bg4 35. c3 Bh5 36. Qd2 Qg6 37. Ng3 Bg4 38. Kb2 Qa6 39. Qxg5 Be6 40. Qd2 Nb5
41. Nxb5 Qxb5 42. Ne2 a5 43. Nd4 Qb6 44. Qe3 Rg8 45. Rc2 Qa6 46. Qe2 Qb6 47.
Qb5 Qa7 48. Rf1 Rc5 49. Qd3 a4 50. b4 a3+ 51. Kc1 Rc4 52. Rf6 Qa6 53. Qf3 Rgc8
54. Qe3 Qa4 55. Kd2 Qe8 56. Rf2 Qh8 57. Nb5 d4 58. Nxd4 Qh1 59. Rc1 Qh7 60. Qd3
Qh6+ 61. Kd1 Bg4+ 62. Nf3 Ka8 63. Rcc2 Qb6 64. Ke1 Bh5 65. Qd2 Re4+ 66. Kf1 Rd8
67. Nd4 Rxe5 68. Qf4 Rde8 69. Rc1 Bg6 70. Kg1 Rh5 71. Rff1 Reh8 72. Rfe1 Rh4
73. Qe5 R4h5 74. Qf4 Rh1+ 75. Kf2 R1h4 76. Qe5 R4h5 77. Qe3 Qf6+ 78. Nf3 Rd8
79. Kg1 Qh8 80. Kf2 Rhd5 81. c4 Rd3 82. Qe5 f6 83. Qa5+ Kb8 84. Re3 Rxe3 85.
Kxe3 Bh5 86. Qxa3 Qh6+ 87. Kf2 Bxf3 88. Kxf3 Qd2 89. Rc3 Rg8 90. g3 Qe1 91. Re3
Rxg3+ 92. Kf4 Rxe3 93. Qxe3 Qxb4 94. Qd4 Qe7 95. Kf5 Qh7+ 96. Ke6 Qg8+ 97. Kf5
Qh7+ 98. Ke6 Qg8+ 99. Kf5 Qc8+ 100. Kg6 Qe8+ 101. Kf5 Kc7 102. Qxf6 Qh5+ 103.
Ke4 Qe2+ 104. Kd5 Qd2+ 105. Qd4 Qxa2 106. Qc5+ Kb8 107. Qd6+ Ka8 108. Qf8+ Ka7
109. Qc5+ 1/2-1/2

[Event "USCL Boston vs New England"]
[Site "Internet Chess Club"]
[Date "2010.11.10"]
[Round "12"]
[White "Cherniack, Alex"]
[Black "Xu, Grant"]
[Result "1-0"]
[WhiteElo "2288"]
[BlackElo "2061"]
[PlyCount "73"]
[EventDate "2010.??.??"]

1. e4 e6 2. d4 d5 3. e5 c5 4. c3 Nc6 5. Nf3 Qb6 6. a3 a5 7. b3 f6 8. Bd3 fxe5
9. dxe5 Nge7 10. h4 Bd7 11. h5 O-O-O 12. Bg5 Be8 13. Nbd2 h6 14. Bh4 Rd7 15. g4
g5 16. Bg3 Bg7 17. Qe2 Rc7 18. Rb1 Na7 19. c4 Bc6 20. O-O Rd7 21. Rfc1 Kb8 22.
b4 axb4 23. axb4 dxc4 24. Nxc4 Qd8 25. Nd6 Rf8 26. Be4 Bxe4 27. Qxe4 cxb4 28.
Nd4 Nec8 29. Nxe6 Nxd6 30. exd6 Qe8 31. Qd5 Qf7 32. Rc7 Rxc7 33. dxc7+ Ka8 34.
Rxb4 Nc6 35. Ra4+ Na7 36. Qd8+ Rxd8 37. cxd8=Q# 1-0

[Event "USCL Boston vs New England"]
[Site "Internet Chess Club"]
[Date "2010.11.10"]
[Round "12"]
[White "Hungaski, Robert"]
[Black "Sammour-Hasbun, Jorge"]
[Result "1-0"]
[WhiteElo "2520"]
[BlackElo "2603"]
[PlyCount "101"]
[EventDate "2010.??.??"]

1. Nf3 c5 2. c4 Nc6 3. d4 cxd4 4. Nxd4 Nf6 5. Nc3 e6 6. g3 Qb6 7. Ndb5 Ne5 8.
Bf4 Nfg4 9. e3 a6 10. h3 axb5 11. hxg4 Nxc4 12. Qb3 d5 13. Bxc4 dxc4 14. Qxb5+
Qxb5 15. Nxb5 Bb4+ 16. Ke2 Ke7 17. Rhd1 Ra5 18. Bd6+ Bxd6 19. Nxd6 b5 20. a3
Ba6 21. Ne4 b4 22. axb4 c3+ 23. b5 Bxb5+ 24. Ke1 Rxa1 25. Rxa1 cxb2 26. Ra7+
Bd7 27. Rb7 Rc8 28. Rxb2 Rc4 29. f3 Bc6 30. Nd2 Rc1+ 31. Kf2 g5 32. e4 Kf6 33.
Nb3 Rc3 34. Nd4 Ke5 35. Ne2 Ra3 36. Rb6 Ba8 37. Rb8 Bc6 38. Rb6 Ba8 39. Rb5+
Kf6 40. Rc5 h6 41. Nc3 Bb7 42. Ke3 Ra1 43. Rc7 Ba8 44. Nb5 Rd1 45. Ke2 Rd8 46.
Ke3 Kg6 47. Na3 f5 48. Nc4 fxe4 49. Ne5+ Kf6 50. f4 Rd3+ 51. Ke2 1-0

[Event "USCL Arizona vs Miami"]
[Site "Internet Chess Club"]
[Date "2010.11.10"]
[Round "12"]
[White "Rosenthal, Nicholas"]
[Black "Thompson, Nick"]
[Result "1-0"]
[WhiteElo "2047"]
[BlackElo "2183"]
[PlyCount "63"]
[EventDate "2010.??.??"]

1. e4 c5 2. Nf3 e6 3. d3 Nc6 4. g3 d5 5. Qe2 Nf6 6. Bg2 g6 7. O-O Bg7 8. Re1
O-O 9. e5 Nd7 10. Bf4 b5 11. h4 h6 12. Nbd2 a5 13. Nf1 a4 14. a3 b4 15. N1h2
bxa3 16. bxa3 Ba6 17. Ng4 Kh7 18. Qd2 h5 19. Nh6 Kh8 20. g4 Nd4 21. gxh5 gxh5
22. Re3 Qc7 23. Rae1 Rac8 24. Qd1 Bxh6 25. Bxh6 Nf5 26. Ng5 Kg8 27. Qxh5 Nxe5
28. Rxe5 Rfd8 29. Rxf5 exf5 30. Bg7 Kxg7 31. Qh7+ Kf6 32. Qh6# 1-0

[Event "USCL Arizona vs Miami"]
[Site "Internet Chess Club"]
[Date "2010.11.10"]
[Round "12"]
[White "Gonzalez, Renier"]
[Black "Barcenilla, Rogelio"]
[Result "1/2-1/2"]
[WhiteElo "2540"]
[BlackElo "2583"]
[PlyCount "78"]
[EventDate "2010.??.??"]

1. e4 e5 2. Nf3 Nc6 3. Bb5 a6 4. Ba4 Nf6 5. O-O b5 6. Bb3 Be7 7. d4 d6 8. c3
O-O 9. h3 h6 10. Nbd2 Re8 11. Re1 Bf8 12. Bc2 Bd7 13. Nf1 g6 14. Ng3 Bg7 15.
Be3 Na5 16. b3 Qc8 17. Qd2 Kh7 18. Rad1 c5 19. d5 c4 20. b4 Nb7 21. Bb1 a5 22.
Rc1 axb4 23. cxb4 Ra4 24. Qb2 Qa8 25. Ne2 Nxe4 26. Bxe4 Rxa2 27. Qb1 f5 28. Bc2
Qa3 29. Rcd1 Qb2 30. Rd2 Qxb1 31. Bxb1 Ra4 32. Ra2 Rxa2 33. Bxa2 Ra8 34. Bb1
Ra3 35. Bc1 Ra4 36. Bc2 Ra2 37. Bb1 Ra4 38. Bc2 Ra2 39. Bb1 Ra4 1/2-1/2

[Event "USCL Arizona vs Miami"]
[Site "Internet Chess Club"]
[Date "2010.11.10"]
[Round "12"]
[White "Adamson, Robby"]
[Black "Martinez, Marcel"]
[Result "0-1"]
[WhiteElo "2363"]
[BlackElo "2475"]
[PlyCount "98"]
[EventDate "2010.??.??"]

1. e4 g6 2. d4 Bg7 3. Nf3 c6 4. Nc3 d5 5. h3 dxe4 6. Nxe4 Nf6 7. Nxf6+ exf6 8.
Bd3 O-O 9. O-O a5 10. a4 Na6 11. c3 Nc7 12. Re1 Be6 13. Qc2 Re8 14. Bd2 Qd7 15.
Rad1 b5 16. Bc1 Bd5 17. Nd2 f5 18. b3 Ne6 19. Bf1 b4 20. Nc4 Qc7 21. Bb2 f4 22.
f3 Qa7 23. Qf2 bxc3 24. Bxc3 c5 25. Nd6 Red8 26. Nb5 Qe7 27. Bc4 Bxc4 28. bxc4
cxd4 29. Bxd4 Qb4 30. Bxg7 Kxg7 31. Nc7 Nxc7 32. Rb1 Qd2 33. Qf1 Re8 34. c5
Rxe1 35. Rxe1 Qd4+ 36. Kh2 Qxc5 37. Rc1 Qe5 38. Re1 Qf6 39. Qc4 Ne6 40. Qd5 Ra7
41. Kh1 h5 42. Qc6 Rc7 43. Qb6 Qc3 44. Rb1 Nd4 45. Qd6 Ne2 46. Kh2 Qc5 47. Qd3
Qe3 48. Qd6 Rc1 49. Rxc1 Nxc1 0-1

[Event "USCL New England vs Miami"]
[Site "Internet Chess Club"]
[Date "2010.11.20"]
[Round "13"]
[White "Rosenthal, Nicholas"]
[Black "Cherniack, Alex"]
[Result "1-0"]
[WhiteElo "2047"]
[BlackElo "2288"]
[PlyCount "75"]
[EventDate "2010.??.??"]

1. e4 e6 2. d3 d5 3. Qe2 dxe4 4. dxe4 e5 5. Nf3 Nc6 6. c3 Bd6 7. g3 Bg4 8. Bg2
h6 9. h3 Be6 10. O-O Qd7 11. Kh2 g5 12. Nfd2 Nge7 13. Nc4 Ng6 14. Rd1 O-O-O 15.
Nba3 Qe7 16. b4 h5 17. Nxd6+ cxd6 18. Qe3 g4 19. b5 Nb8 20. h4 Rhg8 21. Kg1 b6
22. Nc2 Kb7 23. Nb4 Rc8 24. a4 Rc5 25. Ba3 Rgc8 26. Nd5 Rxd5 27. exd5 Bf5 28.
a5 Nd7 29. axb6 Nxb6 30. Bb4 Nf8 31. Ra6 Qc7 32. Rda1 Ra8 33. Qxe5 dxe5 34. d6+
e4 35. dxc7 Ne6 36. Bd6 Nc8 37. Be5 Nxc7 38. Rf6 1-0

[Event "USCL New England vs Miami"]
[Site "?"]
[Date "2010.11.20"]
[Round "13"]
[White "Martinez, Marcel"]
[Black "Hungaski, Robert"]
[Result "0-1"]
[WhiteElo "2475"]
[BlackElo "2520"]
[PlyCount "76"]
[EventDate "2015.06.30"]

1. e4 c5 2. Nf3 e6 3. d4 cxd4 4. Nxd4 a6 5. Bd3 Nf6 6. O-O Qc7 7. Qe2 d6 8. f4
g6 9. c4 Bg7 10. Nc3 O-O 11. Kh1 b6 12. Nf3 Nc6 13. Bd2 Bb7 14. Rae1 Nd7 15.
Bb1 Rae8 16. b3 Qb8 17. Qf2 b5 18. cxb5 axb5 19. Bd3 Ba6 20. Qe2 Nb4 21. Bb1
Nc6 22. Bd3 Nb4 23. Bb1 Nc6 24. Bd3 Nc5 25. Bxb5 Bxc3 26. Bxa6 Bxd2 27. Nxd2
Qa8 28. Bc4 d5 29. Qf2 Qa5 30. exd5 exd5 31. Rxe8 Rxe8 32. Bxd5 Nd3 33. Qf3
Qxd2 34. Bxc6 Re3 35. Qd5 Re1 36. Qf3 Re3 37. Qd5 Re1 38. Qf3 Qe3 0-1